000 00683nam a2200241 a 4500
003 AR-BaBNM
005 20251128202811.0
008 082120s2002 ||||||||||||||000 | spa||
040 _cAR-BaBNM
100 1 _aDíaz de Molina, Alfredo
245 0 0 _aLa oligarquía argentina
_bsu filiación y régimen [1840-1898]. 2
260 _aBuenos Aires
_bPannedille
_c1972
300 _a679 p.
_bil., láms.
600 1 4 _aRoca, Julio Argentino
_d1880-1886
650 4 _aGENERACION DE 1880
650 4 _aUNICATO
650 4 _aREVOLUCION DE 1890
650 4 _aREVOLUCIONES RADICALES
650 4 _aREVOLUCION DE 1880
650 4 _aHISTORIA DE LAS IDEAS
942 _cBK
998 _cmariana
999 _c636
_d636